• 首页
  • 本馆介绍
  • 公告通知
  • 最新文献
  • 馆藏检索
  • 电子资源
  • 读者导购
  • 参考咨询
  • 我的图书馆
  • 登录
  • 详细信息显示
  • 放入我的书架
  • 预约/预借图书
  • 作者相关作品
  • 分类相关作品
  • 丛书相关作品
  • 出版社相关作品

书目信息

  • 表格格式
  • 工作单格式
  • 卡片格式
题名:
选举漫语
    
 
作者: 陈荷夫 著
分册:  
出版信息: 北京   群众出版社  1983
页数: 226页
开本: 19cm
丛书名:
单 册:
中图分类: D621.4 , D921.2
科图分类:
主题词: 选举制度--基本知识--中国 , 法律--中国
电子资源:
ISBN:
000 00666nam0 2200265 45
001 0183002662
005 20040427163259.4
010    @dCNY0.63
091    @a6067.43
100    @a19950517d1983 em y0chiy0121 ea
101 0  @achi
102    @aCN@b110000
105    @ay z 000yy
106    @ar
200 10 @a选举漫语@AXuan Ju Man Yu@f陈荷夫著
210    @a北京@c群众出版社@d1983
215    @a226页@d19cm
606    @a选举制度@x基本知识@y中国
606 0  @a法律@x中国
690    @aD621.4@v3
690    @aD921.2
701  0 @a陈荷夫@Achen he fu@4著
801  0 @aCN@b上海图书馆@c20040427
801  2 @aCN@bNLC@c20040427
905    @f2@b204404-405@dD921.2@e143
    
    选举漫语/陈荷夫著.-北京:群众出版社,1983
    226页;19cm
    
    
    ISBN :CNY0.63
    
●
相关链接 在E读中查询图书 在五车中查询图书 在当当中查询图书 在豆瓣中查询图书


正题名:选举漫语     索取号:D921.2/143         预约/预借

序号 登录号 条形码 馆藏地/架位号 状态 备注
1 0204404   001251610   密集书库/ [索取号:D921.2/143] 在馆    
2 0204405   001251656   密集书库/ [索取号:D921.2/143] 在馆    
3 0204406   001251576   第一样本阅览室/ [索取号:D921.2/143] 在馆    
唐山师范学院图书馆 欢迎您!
大连网信软件有限公司© 版权所有